<?xml version="1.0" encoding="UTF-8"?>
<marc:record xmlns:marc="http://www.loc.gov/MARC21/slim">
   <marc:leader>00000nam a2200000 a 4500</marc:leader>
   <marc:datafield ind1="1" ind2=" " tag="100">
      <marc:subfield code="a">Beck, Jan</marc:subfield>
      <marc:subfield code="4">aut</marc:subfield>
      <marc:subfield code="e">Verfasser/-in</marc:subfield>
   </marc:datafield>
   <marc:datafield ind1=" " ind2=" " tag="653">
      <marc:subfield code="a">Krimis/Thriller</marc:subfield>
   </marc:datafield>
   <marc:datafield ind1="0" ind2="0" tag="245">
      <marc:subfield code="a">DAS ENDE  Dein letzter Tag ist gekommen</marc:subfield>
   </marc:datafield>
   <marc:datafield ind1="0" ind2="0" tag="245">
      <marc:subfield code="b">Thriller</marc:subfield>
   </marc:datafield>
   <marc:datafield ind1=" " ind2="1" tag="264">
      <marc:subfield code="a">München</marc:subfield>
      <marc:subfield code="b">Penguin</marc:subfield>
      <marc:subfield code="c">2023</marc:subfield>
   </marc:datafield>
   <marc:datafield ind1="1" ind2=" " tag="490">
      <marc:subfield code="a">Björk und Brand Reihe</marc:subfield>
      <marc:subfield code="v">4</marc:subfield>
   </marc:datafield>
   <marc:datafield ind1=" " ind2=" " tag="250">
      <marc:subfield code="a">Originalausgabe</marc:subfield>
   </marc:datafield>
   <marc:datafield ind1="1" ind2=" " tag="520">
      <marc:subfield code="a">Angaben aus der Verlagsmeldung##DAS ENDE  Dein letzter Tag ist gekommen : Thriller. Der neue rasante Pageturner des SPIEGEL-Bestseller-Autors / von Jan Beck##Mit jedem weiteren Thriller ein neuer Bestseller: Jan Beck fesselt ab der ersten Seite und lässt bis zum atemberaubenden Finale nicht mehr los.##Er kennt dein dunkelstes Geheimnis. Und er wird dir alles nehmen ...##Eine Frau steht an einer der meistbefahrenen Straßen Berlins  offensichtlich tief verstört. Dann macht sie einen Schritt in den fließenden Verkehr ... Sie ist augenblicklich tot. Zur gleichen Zeit taucht im Internet ein Livestream auf, der einen Mann in seinem sorglosen Alltag zeigt. Nicht ahnend, dass er gefilmt wird. Auch er wird kurz darauf ermordet aufgefunden. Menschen, die scheinbar nichts miteinander verbindet, sterben vor den Augen Europols. Topermittler Inga Björk und Christian Brand sollen dem grausamen Spektakel ein Ende bereiten  dabei gibt es nur ein Problem: Die beiden haben seit einer gemeinsamen Nacht nicht mehr miteinander gesprochen, und plötzlich ist Brand von der Bildfläche verschwunden #Entdecken Sie den ultimativen Nervenkitzel! Eine fulminante Thrillerreihe, deren Bände Sie alle unabhängig voneinander lesen können:#Das Spiel  Es geht um dein Leben#Die Nacht  Wirst du morgen noch leben?#Die Spur  Er wird dich finden</marc:subfield>
   </marc:datafield>
   <marc:datafield ind1=" " ind2=" " tag="020">
      <marc:subfield code="a">9783328108214</marc:subfield>
      <marc:subfield code="9">9783328108214</marc:subfield>
   </marc:datafield>
   <marc:datafield ind1=" " ind2=" " tag="041">
      <marc:subfield code="a">ger</marc:subfield>
   </marc:datafield>
   <marc:datafield ind1=" " ind2=" " tag="300">
      <marc:subfield code="a">416 Seiten</marc:subfield>
   </marc:datafield>
</marc:record>
